effect of usage urea treatment with rice straw mixture rice straw burned on growth rate of local cattle at animal experimental station of royal university of agriculture (ឥទ្ធិពលនៃការប្រើប្រាស់ចំបើងផ្ងាប់ជាមួយអ៊ុយរ៉េលាយជាមួយទឹកផេះចំបើងលើការលូតលាស់របស់គោពូជក្នុងស្រុកនៅក្នុងស្ថានីយពិសោធន៍សត្វនៃសាកលវិទ្យាល័យភូមិន្ទកសិកម្ម) (Record no. 2603)

000 -LEADER
fixed length control field 00971nam a22001337a 4500
040 ## - CATALOGING SOURCE
Transcribing agency RUA
082 ## - DEWEY DECIMAL CLASSIFICATION NUMBER
Classification number AVM PUM 2012 B104 Or.1
100 ## - MAIN ENTRY--AUTHOR NAME
Personal name PUM, NARIN.
245 ## - TITLE STATEMENT
Title effect of usage urea treatment with rice straw mixture rice straw burned on growth rate of local cattle at animal experimental station of royal university of agriculture (ឥទ្ធិពលនៃការប្រើប្រាស់ចំបើងផ្ងាប់ជាមួយអ៊ុយរ៉េលាយជាមួយទឹកផេះចំបើងលើការលូតលាស់របស់គោពូជក្នុងស្រុកនៅក្នុងស្ថានីយពិសោធន៍សត្វនៃសាកលវិទ្យាល័យភូមិន្ទកសិកម្ម)
260 ## - PUBLICATION, DISTRIBUTION, ETC. (IMPRINT)
Place of publication Phnom Penh
Name of publisher RUA
Year of publication 2012
300 ## - PHYSICAL DESCRIPTION
Number of Pages xi, 34p.
Other physical details ill.
Dimensions 29cm.
856 ## - ELECTRONIC LOCATION AND ACCESS
Uniform Resource Identifier https://drive.google.com/file/d/1CEWKhha1OIYASy8v0yMQzX12UKJiKxhM/view?usp=sharing
942 ## - ADDED ENTRY ELEMENTS (KOHA)
Koha item type AVM
952 ## - LOCATION AND ITEM INFORMATION (KOHA)
Withdrawn status [LOCAL, KOHA] 0
952 ## - LOCATION AND ITEM INFORMATION (KOHA)
Withdrawn status [LOCAL, KOHA] 0
952 ## - LOCATION AND ITEM INFORMATION (KOHA)
Withdrawn status [LOCAL, KOHA] 0
952 ## - LOCATION AND ITEM INFORMATION (KOHA)
Withdrawn status [LOCAL, KOHA] 0
952 ## - LOCATION AND ITEM INFORMATION (KOHA)
Withdrawn status [LOCAL, KOHA] 0
952 ## - LOCATION AND ITEM INFORMATION (KOHA)
Withdrawn status [LOCAL, KOHA] 0
952 ## - LOCATION AND ITEM INFORMATION (KOHA)
Withdrawn status [LOCAL, KOHA] 0
952 ## - LOCATION AND ITEM INFORMATION (KOHA)
Withdrawn status [LOCAL, KOHA] 0
952 ## - LOCATION AND ITEM INFORMATION (KOHA)
Withdrawn status [LOCAL, KOHA] 0
Holdings
Permanent Location Date acquired Koha item type Lost status Shelving location Barcode Current Location Full call number
Library Block B2015-10-24AVM B104RUA020020Library Block BAVM PUM 2012 B104 Or.1
Library Block B2015-10-24AVM B104RUA018927Library Block BAVM PUM 2012 B104 Or.2
Library Block B2015-10-24AVM B104RUA018895Library Block BAVM PUM 2012 B104 Or.3
Library Block B2015-10-24AVM B104RUA018823Library Block BAVM PUM 2012 B104 Or.4
Library Block B2015-10-24AVM B104RUA011388Library Block BAVM PUM 2012 B104 Or.5
Library Block B2015-10-24AVM B104RUA009903Library Block BAVM PUM 2012 B104 Or.6
Library Block B2015-10-24AVM B104RUA009975Library Block BAVM PUM 2012 B104 Or.7
Library Block B2015-10-24AVM B104RUA009823Library Block BAVM PUM 2012 B104 Or.8
Library Block B2019-06-11AVM B1.234A40381Library Block BAVM PUM 2012 B1.234 Or.1
មជ្ឈមណ្ឌលឯការនៃសាកលវិទ្យាល័យភូមិន្ទកសិកម្មចំការដូង

Powered by Koha